00000000nas 2200000zi 4500
0019.877491
003CaOODSP
00520250620080409
006m    go  d f      
007cr |||||||||||
008190806c20169999qucar p oss  f0   b0fre|d
040 |aCaOODSP|bfre|erda|cCaOODSP
043 |an-cn---
0861 |aBC9-20F-PDF
24500|aRadio : |brelevés statistiques et financiers.
264 1|a[Gatineau (Québec)] : |bConseil de la radiodiffusion et des télécommunications canadiennes = Canadian Radio-television and Telecommunications Commission, |c[2017]-
310 |aAnnuel
336 |atexte|btxt|2rdacontent/fre
337 |ainformatique|bc|2rdamedia/fre
338 |aressource en ligne|bcr|2rdacarrier/fre
3621 |aParaît depuis 2012-2016.
500 |aPublié aussi en anglais sous le titre : Radio, statistical and financial summaries.
550 |aPublié par Consommation et politique stratégique.
69207|2gccst|aRadio
7101 |aCanada.|bConseil de la radiodiffusion et des télécommunications canadiennes.|bConsommation et politique stratégique.
77508|tRadio : |w(CaOODSP)9.877489
78000|tRadio commerciale : |w(CaOODSP)9.504308